स्त्री के पास खोने के लिए कुछ नहीं है (Record no. 377496)
[ view plain ]
| 000 -LEADER | |
|---|---|
| fixed length control field | 00621nam a2200217Ia 4500 |
| 003 - CONTROL NUMBER IDENTIFIER | |
| control field | OSt |
| 005 - DATE AND TIME OF LATEST TRANSACTION | |
| control field | 20220923225318.0 |
| 008 - FIXED-LENGTH DATA ELEMENTS--GENERAL INFORMATION | |
| fixed length control field | 220922b |||||||| |||| 00| 0 hin d |
| 037 ## - SOURCE OF ACQUISITION | |
| Terms of availability | Textual |
| 040 ## - CATALOGING SOURCE | |
| Original cataloging agency | ARTS |
| Transcribing agency | ARTS |
| Language of cataloging | hin |
| 041 ## - LANGUAGE CODE | |
| Source of code | hin |
| Language code of text/sound track or separate title | hin |
| 245 #0 - TITLE STATEMENT | |
| Title | स्त्री के पास खोने के लिए कुछ नहीं है |
| 246 ## - VARYING FORM OF TITLE | |
| Title proper/short title | Strī ke pās khone ke lie kuchh nahīan hai |
| 260 ## - PUBLICATION, DISTRIBUTION, ETC. | |
| Date of publication, distribution, etc. | 2004 |
| 942 ## - ADDED ENTRY ELEMENTS (KOHA) | |
| Classification part | Y15xN08, 152P4 |
| Koha item type | Textual |
| Source of classification or shelving scheme | Colon Classification (CC) |
| Withdrawn status | Lost status | Damaged status | Not for loan | Home library | Current library | Date acquired | Total Checkouts | Full call number | Barcode | Date due | Date last seen | Date last checked out | Price effective from | Koha item type |
|---|---|---|---|---|---|---|---|---|---|---|---|---|---|---|
| Arts Library | Central Library | 2022-09-23 | 4 | Y15xN08 152P4 | CL1212781 | 2024-12-28 | 2026-01-07 | 2026-01-07 | 2022-09-23 | Textual |
